Оценка возможности применения ВЧФ-плазматронов для плазменной утилизации горючих отходов; Перспективы развития фундаментальных наук

Detalles Bibliográficos
Parent link:Перспективы развития фундаментальных наук.— 2014.— [С. 229-231]
Autor Principal: Тундешев Н. В. Николай Владиславович
Autor Corporativo: Национальный исследовательский Томский политехнический университет
Outros autores: Шеховцова А. П. (научный руководитель), Орешкин Е. А. Егор Александрович, Каренгин А. Г. Александр Григорьевич
Summary:Заглавие с экрана
This article shows the dependence of HFT-plasmatron parameters on external mode settings. By experimental way the optimal operation of the plasma stand is achieved, also characteristics of this regime are calculated. Based on burning indicators of interest combustible waste concluded the possibility of using plasma stand for disposal of these wastes.
Idioma:ruso
Publicado: 2014
Series:Физика
Subjects:
Acceso en liña:http://www.lib.tpu.ru/fulltext/c/2014/C21/071.pdf
Formato: Electrónico Capítulo de libro
KOHA link:https://koha.lib.tpu.ru/cgi-bin/koha/opac-detail.pl?biblionumber=606858

MARC

LEADER 00000naa2a2200000 4500
001 606858
005 20260306095158.0
035 |a (RuTPU)RU\TPU\conf\4237 
035 |a RU\TPU\conf\4226 
090 |a 606858 
100 |a 20140618d2014 k y0rusy50 ca 
101 0 |a rus 
102 |a RU 
135 |a drcn ---uucaa 
181 0 |a i  
182 0 |a b 
200 1 |a Оценка возможности применения ВЧФ-плазматронов для плазменной утилизации горючих отходов  |d Evaluation of applications HFT-plasmatron for plasma disposal of combustible waste  |f Н. В. Тундешев, А. П. Шеховцова, Е. А. Орешкин  |g науч. рук. А. Г. Каренгин 
203 |a Текст  |c электронный 
215 |a 1 файл(558 Кб) 
225 1 |a Физика 
300 |a Заглавие с экрана 
320 |a [Библиогр.: с. 231 (3 назв.)] 
330 |a This article shows the dependence of HFT-plasmatron parameters on external mode settings. By experimental way the optimal operation of the plasma stand is achieved, also characteristics of this regime are calculated. Based on burning indicators of interest combustible waste concluded the possibility of using plasma stand for disposal of these wastes. 
337 |a Adobe Reader 
463 1 |0 (RuTPU)RU\TPU\conf\3586  |t Перспективы развития фундаментальных наук  |l Prospects of fundamental sciences development  |o сборник научных трудов XI Международной конференция студентов и молодых ученых, г. Томск, 22-25 апреля 2014 г.  |f Национальный исследовательский Томский политехнический университет (ТПУ) ; под ред. Е. А. Вайтулевич  |v [С. 229-231]  |d 2014 
510 1 |a Evaluation of applications HFT-plasmatron for plasma disposal of combustible waste  |z eng 
610 1 |a электронный ресурс 
610 1 |a труды учёных ТПУ 
610 1 |a плазмотроны 
610 1 |a плазменная утилизация 
610 1 |a горючие отходы 
610 1 |a низкотемпературная плазма 
700 1 |a Тундешев  |b Н. В.  |c физик  |c техник-проектировщик Томского политехнического университета  |f 1993-  |g Николай Владиславович  |3 (RuTPU)RU\TPU\pers\33089 
701 1 |a Шеховцова  |b А. П. 
701 1 |a Орешкин  |b Е. А.  |c специалист в области ядерных технологий  |c инженер-исследователь Томского политехнического университета  |f 1984-  |g Егор Александрович  |3 (RuTPU)RU\TPU\pers\32435 
702 1 |a Каренгин  |b А. Г.  |c физик  |c доцент Томского политехнического университета, кандидат физико-математических наук  |f 1950-  |g Александр Григорьевич  |4 727 
712 0 2 |a Национальный исследовательский Томский политехнический университет  |c (2009- )  |9 26305 
801 1 |a RU  |b 63413507  |c 20101016 
801 2 |a RU  |b 63413507  |c 20160802  |g RCR 
850 |a 63413507 
856 4 |u http://www.lib.tpu.ru/fulltext/c/2014/C21/071.pdf 
942 |c CF